000 00271nam a22001217a 4500
008 170523b xxu||||| |||| 00| 0 eng d
041 _aeng
080 _a94(1000
100 _a16
101 _aSHH
245 _aHISTORY OF THE WORLD
_cROBERTS ,J,M
942 _2udc
_cBK
999 _c13942
_d13942